| 000 | 00000nas 2200000za 4500 |
| 001 | 9.806401 |
| 003 | CaOODSP |
| 005 | 20221107135902 |
| 007 | cr ||||||||||| |
| 008 | 151126d19441946oncmr p oss f000#a0eng|d |
| 022 | |y0837-9300 |
| 040 | |aCaOODSP|beng |
| 043 | |an-cn--- |
| 086 | 1 |aCS72-003E-PDF |
| 245 | 00|aStatistics of man-hours and hourly earnings as at ... |h[electronic resource]. |
| 246 | 10|aStatistics of man-hours and hourly earnings at ... |
| 260 | |aOttawa : |bDominion Bureau of Statistics, Employment and Payroll Statistics Branch, |c[1945-1946]. |
| 310 | |aMonthly |
| 362 | 0 |aNov. 1, Dec. 1, 1944/Jan. 1, 1945-Mar. 1, 1946, with comparisons as at Feb. 1, 1946 and Mar. 1, 1945. |
| 500 | |aDigitized edition from print [produced by Statistics Canada]. |
| 692 | 07|2gccst|aEmployment |
| 710 | 1 |aCanada.|bEmployment Statistics Branch. |
| 785 | 00|tStatistics of average hours worked and average hourly earnings as reported at the beginning of ... |w(CaOODSP)9.806403 |